| 000 | 00784nam a22002537a 4500 | ||
|---|---|---|---|
| 005 | 20250128122828.0 | ||
| 010 | _aENG-112359 ENG-135937 ENG-135938 ENG-143637 | ||
| 020 |
_a9789325981171 _c425.00 |
||
| 020 |
_a9789325981171 _c560.00 |
||
| 035 | _aEN-95891 | ||
| 035 | _aEN-119469 | ||
| 035 | _aEN-119470 | ||
| 035 | _aEN-127169 | ||
| 037 | _bDBAD | ||
| 082 | _a651.7 | ||
| 100 |
_aVerma, Shalini _977201 |
||
| 245 |
_aBusiness communication: _bessential strategies for twenty-first-century managers/ _cby Shalini Verma |
||
| 250 | _a2nd ed | ||
| 260 |
_aNoida (UP) _bVikas Publishing House _c2014, 2024 |
||
| 270 |
_aE-28, Sector-8, _bNoida _e201301 |
||
| 300 |
_axxii,448p. _c28cm(pbk) |
||
| 500 | _aIncludes index | ||
| 942 |
_2ddc _cEN _mVER _h651.7 |
||
| 999 |
_c92203 _d92203 |
||